[Event "Terre degli Elimi op 7th"]
[Site "Erice"]
[Date "2016.08.01"]
[Round "5"]
[White "Ciampi, Vincenzo"]
[Black "Valguarnera, Girolamo"]
[Result "1/2-1/2"]
[WhiteElo "1985"]
[BlackElo "2102"]
[PlyCount "120"]
[EventDate "2016.07.28"]
[EventType "swiss"]
[EventRounds "9"]
[EventCountry "ITA"]
[SourceTitle "EXT 2017"]
[Source "ChessBase"]
[SourceDate "2016.10.25"]
[SourceVersion "1"]
[SourceVersionDate "2016.10.25"]
[SourceQuality "1"]

1. d4 Nf6 2. c4 c5 3. d5 e6 4. Nc3 exd5 5. cxd5 d6 6. e4 g6 7. f4 Bg7 8. Bb5+ Nfd7 9. a4 0-0 10. Nf3 Na6 11. 0-0 Nb4 12. Kh1 a6 13. Bxd7 Bxd7 14. f5 gxf5 15. Bg5 Qc7 16. Nh4 fxe4 17. Nxe4 f5 18. Ng3 f4 19. Rxf4 Rxf4 20. Bxf4 Rf8 21. Qd2 Qd8 22. Bg5 Bf6 23. Nf3 Bxg5 24. Nxg5 Qf6 25. N5e4 Qe5 26. Re1 Qxd5 27. Qh6 Qe6 28. Qxe6+ Bxe6 29. Nxd6 Bb3 30. Re7 b6 31. Ngf5 Nd3 32. Re3 c4 33. h3 Rxf5 34. Nxf5 Nxb2 35. a5 bxa5 36. Re8+ Kf7 37. Ra8 c3 38. Ra7+ Kg6 39. Nd4 Bc4 40. Nc2 Bd3 41. Na3 Kg5 42. Rc7 Na4 43. Kg1 Kf4 44. Kf2 h5 45. Nc4 Nb2 46. Nxa5 c2 47. Nb3 Bc4 48. Nc1 Ke4 49. Ke1 Kd4 50. Kd2 Nd1 51. g4 hxg4 52. hxg4 Nf2 53. Rg7 Ke5 54. Rg5+ Kd6 55. Rg6+ Be6 56. Kxc2 Nxg4 57. Kc3 Ne5 58. Rh6 Ng4 59. Rh8 Nf6 60. Rh4 Nd5+ 1/2-1/2

[Event "Etna op 2nd"]
[Site "Nicolosi"]
[Date "2015.12.05"]
[Round "2"]
[White "Valguarnera, Girolamo"]
[Black "Gundavaa, Bayarsaihan"]
[Result "0-1"]
[WhiteElo "2110"]
[BlackElo "2506"]
[PlyCount "58"]
[EventDate "2015.12.04"]
[EventType "swiss"]
[EventRounds "7"]
[EventCountry "ITA"]
[SourceTitle "CBM 170 Extra"]
[Source "ChessBase"]
[SourceDate "2016.02.25"]
[SourceVersion "1"]
[SourceVersionDate "2016.02.25"]
[SourceQuality "1"]

1. Nf3 f5 2. g3 Nf6 3. Bg2 g6 4. 0-0 Bg7 5. c4 d6 6. Nc3 e5 7. d3 Nc6 8. Bd2 0-0 9. Rc1 h6 10. Nd5 Be6 11. Nxf6+ Qxf6 12. Bc3 g5 13. Nd2 g4 14. b4 h5 15. Nb3 Qf7 16. b5 Nd8 17. Bd2 f4 18. f3 gxf3 19. Bxf3 Qg6 20. Kf2 fxg3+ 21. hxg3 Bg4 22. Be3 Ne6 23. Rg1 Rf7 24. Ke1 Bxf3 25. exf3 Ng5 26. Bxg5 Qxg5 27. Kf2 Bh6 28. Rc2 Raf8 29. Qe2 Rxf3+ 0-1

[Event "EU-Cup 31st"]
[Site "Skopje"]
[Date "2015.10.20"]
[Round "3.6"]
[White "Valguarnera, Girolamo"]
[Black "Bejatovic, Bojana"]
[Result "1/2-1/2"]
[WhiteElo "2103"]
[BlackElo "2044"]
[PlyCount "135"]
[EventDate "2015.10.18"]
[EventType "team-swiss"]
[EventRounds "7"]
[EventCountry "MKD"]
[SourceTitle "CBM 169"]
[Source "ChessBase"]
[SourceDate "2015.11.10"]
[SourceVersion "1"]
[SourceVersionDate "2015.11.10"]
[SourceQuality "1"]
[WhiteTeam "Palermitano Circolo"]
[BlackTeam "MSK Centar"]
[WhiteTeamCountry "ITA"]
[BlackTeamCountry "MKD"]

1. Nf3 d5 2. g3 e6 3. Bg2 f5 4. b3 Nf6 5. Bb2 Bd6 6. 0-0 Nbd7 7. c4 c6 8. Qc2 0-0 9. cxd5 cxd5 10. Nc3 a6 11. d3 b5 12. a3 Bb7 13. b4 Qe7 14. Qb3 h6 15. Rae1 Qf7 16. Rc1 Nb6 17. Nb1 Nfd7 18. Nbd2 e5 19. Qa2 e4 20. Nd4 Ne5 21. Qb1 Rae8 22. N4b3 Qh5 23. Bd4 Nbd7 24. dxe4 fxe4 25. Nc5 Nxc5 26. bxc5 Bc7 27. f3 Bc8 28. Qb3 Be6 29. Qc3 Bh3 30. g4 Bxg4 31. fxg4 Nxg4 32. h3 e3 33. Nf3 Nf2 34. Rxf2 exf2+ 35. Kf1 Re7 36. Bxf2 Rf4 37. Qd2 Rfe4 38. Ng1 R4e5 39. Rd1 Rd7 40. Nf3 Re8 41. Qc2 Qf7 42. Kg1 Rde7 43. e3 Bb8 44. Nh4 Re5 45. Qb3 Rd8 46. Bg3 Rg5 47. Bxb8 Rxb8 48. Rd4 Qd7 49. Kh1 Rd8 50. e4 Qe7 51. Nf3 Qxc5 52. Qd1 Rh5 53. e5 a5 54. Qd3 b4 55. axb4 axb4 56. Kh2 b3 57. Qxb3 Rxe5 58. Qd3 Ree8 59. Qg6 Re4 60. Rxe4 dxe4 61. Qxe4 Qc7+ 62. Qe5 Qb6 63. Nh4 Rd2 64. Qe8+ Kh7 65. Qe4+ Kg8 66. Qe8+ Kh7 67. Qe4+ Kg8 68. Qe8+ 1/2-1/2

[Event "Terre degli Elimi op 5th"]
[Site "Erice"]
[Date "2014.07.24"]
[Round "8"]
[White "Valguarnera, Girolamo"]
[Black "De Wit, Tex"]
[Result "1-0"]
[WhiteElo "2090"]
[BlackElo "2330"]
[PlyCount "71"]
[EventDate "2014.07.19"]
[EventType "swiss"]
[EventRounds "9"]
[EventCountry "ITA"]
[SourceTitle "CBM 161 Extra"]
[Source "ChessBase"]
[SourceDate "2014.08.29"]
[SourceVersion "1"]
[SourceVersionDate "2014.08.29"]
[SourceQuality "1"]

1. e4 d6 2. d4 g6 3. Nc3 Bg7 4. Nf3 Nf6 5. Be2 0-0 6. 0-0 Bg4 7. h3 Bxf3 8. Bxf3 Nc6 9. d5 Nb8 10. Be2 c6 11. dxc6 Nxc6 12. Rb1 Qa5 13. Bd2 Rac8 14. a3 a6 15. Re1 Nd7 16. Nd5 Qd8 17. Bg5 h6 18. Be3 Kh7 19. Bg4 e6 20. Nc3 Nc5 21. Be2 Bxc3 22. bxc3 Nxe4 23. Rxb7 Nxc3 24. Qd2 Ne4 25. Qc1 Nc5 26. Rb1 Ne5 27. Bxh6 Ncd3 28. Qd2 Nxe1 29. Bxf8 N1f3+ 30. gxf3 Qxf8 31. Rb4 Qd8 32. f4 Nc6 33. Rb7 Qf6 34. Qxd6 Nd4 35. Bg4 Rxc2 36. Qf8 1-0

[Event "Locri op 2nd"]
[Site "Locri"]
[Date "2014.04.17"]
[Round "4"]
[White "Valguarnera, Girolamo"]
[Black "Ljubisavljevic, Zivojin Z"]
[Result "0-1"]
[WhiteElo "2068"]
[BlackElo "2132"]
[PlyCount "104"]
[EventDate "2014.04.16"]
[EventType "swiss"]
[EventRounds "7"]
[EventCountry "ITA"]
[SourceTitle "EXT 2017"]
[Source "ChessBase"]
[SourceDate "2016.10.25"]
[SourceVersion "1"]
[SourceVersionDate "2016.10.25"]
[SourceQuality "1"]

1. Nf3 g6 2. g3 Bg7 3. Bg2 e5 4. d3 f5 5. 0-0 d6 6. c4 Ne7 7. Nc3 0-0 8. Bd2 h6 9. Rb1 g5 10. b4 Ng6 11. b5 Nd7 12. a4 Nc5 13. Qc2 g4 14. Ne1 Ne6 15. Qa2 Kh7 16. Nd5 f4 17. Be4 Ng5 18. Ng2 Nxe4 19. dxe4 f3 20. Nge3 c6 21. bxc6 bxc6 22. Nc3 Qf6 23. Bc1 Nf4 24. gxf4 exf4 25. e5 Qh4 26. Qc2+ Kh8 27. exf3 fxe3 28. fxe3 gxf3 29. Qf2 Qxf2+ 30. Kxf2 Bxe5 31. Bd2 Ba6 32. Rg1 Bxc4 33. Rg4 Ba6 34. Rh4 Rf6 35. Ne4 Rg6 36. Ng3 Rf8 37. Rh5 c5 38. Rc1 Rb8 39. Rxe5 dxe5 40. Rxc5 Rb2 41. Rd5 Bb7 42. Rd8+ Rg8 43. Rd6 Rb6 44. Rd3 h5 45. h4 Rxg3 46. Kxg3 Rg6+ 47. Kf2 Rg2+ 48. Ke1 Ba6 49. Rd8+ Kh7 50. Rf8 Re2+ 51. Kd1 f2 52. Bc3 Ra2 0-1

[Event "Locri op 2nd"]
[Site "Locri"]
[Date "2014.04.16"]
[Round "1"]
[White "Fracasso Pezzolato, Michele"]
[Black "Valguarnera, Girolamo"]
[Result "0-1"]
[WhiteElo "1830"]
[BlackElo "2068"]
[PlyCount "66"]
[EventDate "2014.04.16"]
[EventType "swiss"]
[EventRounds "7"]
[EventCountry "ITA"]
[SourceTitle "EXT 2017"]
[Source "ChessBase"]
[SourceDate "2016.10.25"]
[SourceVersion "1"]
[SourceVersionDate "2016.10.25"]
[SourceQuality "1"]

1. e4 c5 2. Nf3 Nc6 3. b3 e5 4. Bb2 d6 5. Nc3 Nf6 6. Bc4 Be7 7. h3 0-0 8. d3 Bd7 9. 0-0 a6 10. a4 Rc8 11. Nd5 Nxd5 12. Bxd5 Qc7 13. Nd2 Nb4 14. f4 Nxd5 15. exd5 exf4 16. Rxf4 f5 17. Rf1 Rce8 18. Nf3 Qd8 19. Qd2 f4 20. Rae1 Bf6 21. Bxf6 Qxf6 22. Rxe8 Bxe8 23. c4 Bd7 24. d4 b6 25. Re1 g5 26. a5 bxa5 27. dxc5 dxc5 28. d6 Bc6 29. Re7 Rd8 30. Qd3 Qxe7 31. dxe7 Rxd3 32. Ne5 Rd1+ 33. Kf2 Be8 0-1

[Event "Terre degli Elimi op 3rd"]
[Site "Erice"]
[Date "2012.07.28"]
[Round "5"]
[White "Valguarnera, Girolamo"]
[Black "Calamia, Giampaolo"]
[Result "1-0"]
[WhiteElo "2118"]
[BlackElo "1773"]
[PlyCount "83"]
[EventDate "2012.07.25"]
[EventType "swiss"]
[EventRounds "7"]
[EventCountry "ITA"]
[SourceTitle "EXT 2013"]
[Source "ChessBase"]
[SourceDate "2012.11.22"]
[SourceVersion "1"]
[SourceVersionDate "2012.11.22"]
[SourceQuality "1"]

1. e4 c5 2. Nf3 d6 3. d4 cxd4 4. Nxd4 Nf6 5. Nc3 g6 6. Be2 Bg7 7. 0-0 Nc6 8. Be3 0-0 9. Nb3 a6 10. f4 b5 11. Bf3 Bb7 12. Qe2 Qc7 13. Qf2 Rae8 14. g4 e5 15. f5 gxf5 16. gxf5 Kh8 17. Rad1 Rg8 18. Kh1 Ne7 19. Bg5 b4 20. Qh4 bxc3 21. Bxf6 Bxf6 22. Qxf6+ Rg7 23. Qxd6 Qxd6 24. Rxd6 Nc8 25. Rdd1 cxb2 26. Rb1 Nd6 27. Nc5 Nc4 28. Rfd1 Bc8 29. Nd3 Ne3 30. Rd2 Reg8 31. Nxb2 Bb7 32. Nd3 f6 33. Nc5 Ba8 34. Ne6 Rb7 35. Rxb7 Bxb7 36. Nd8 Bc8 37. Bh5 Kg7 38. Rd3 Kh6 39. Be2 Nxc2 40. Nf7+ Kg7 41. Nd6 Nd4 42. Rg3+ 1-0

[Event "Terrasini Mediterranean op 3rd"]
[Site "Terrasini"]
[Date "2012.06.29"]
[Round "8"]
[White "Assmann, Norbert"]
[Black "Valguarnera, Girolamo"]
[Result "0-1"]
[WhiteElo "1921"]
[BlackElo "2118"]
[PlyCount "86"]
[EventDate "2012.06.24"]
[EventType "swiss"]
[EventRounds "9"]
[EventCountry "ITA"]
[SourceTitle "CBM 149 Extra"]
[Source "ChessBase"]
[SourceDate "2012.08.24"]
[SourceVersion "1"]
[SourceVersionDate "2012.08.24"]
[SourceQuality "1"]

1. Nf3 Nf6 2. g3 g6 3. Bg2 Bg7 4. 0-0 0-0 5. c4 d6 6. d4 Nfd7 7. Nc3 a5 8. e4 Nc6 9. Be3 Nb6 10. b3 a4 11. Qd2 Na5 12. Rab1 axb3 13. axb3 f5 14. Bh6 fxe4 15. Nxe4 d5 16. cxd5 Bg4 17. Ne5 Bf5 18. Bxg7 Kxg7 19. g4 Bxe4 20. Bxe4 Nxd5 21. f4 Nxf4 22. Rf3 Qxd4+ 23. Qxd4 Ne2+ 24. Kg2 Nxd4 25. Rd3 Ne6 26. Rc3 c5 27. Kg3 Rad8 28. Bg2 Rd4 29. Re1 Nf4 30. Bf3 b6 31. g5 e6 32. Ng4 Nh5+ 33. Kh3 Rdf4 34. Ree3 R4f5 35. Kh4 Nf4 36. Nh6 Rd8 37. Nxf5+ gxf5 38. Re1 Rd4 39. Kg3 Kf7 40. Rce3 Rb4 41. h4 Rd4 42. h5 Nd3 43. Rd1 f4+ 0-1

[Event "Terrasini Mediterranean op 3rd"]
[Site "Terrasini"]
[Date "2012.06.27"]
[Round "5"]
[White "Valguarnera, Girolamo"]
[Black "Puleo, Diego"]
[Result "1-0"]
[WhiteElo "2118"]
[BlackElo "1990"]
[PlyCount "73"]
[EventDate "2012.06.24"]
[EventType "swiss"]
[EventRounds "9"]
[EventCountry "ITA"]
[SourceTitle "CBM 149 Extra"]
[Source "ChessBase"]
[SourceDate "2012.08.24"]
[SourceVersion "1"]
[SourceVersionDate "2012.08.24"]
[SourceQuality "1"]

1. e4 c5 2. Nf3 a6 3. g3 d6 4. Bg2 Nc6 5. 0-0 g6 6. d3 Bg7 7. Nh4 Nf6 8. f4 Qb6 9. c3 Bg4 10. Qc2 Rd8 11. f5 d5 12. h3 dxe4 13. hxg4 Rxd3 14. Nd2 c4+ 15. Kh1 g5 16. Nxc4 Qc5 17. Bxg5 Qxc4 18. Rf4 Rxg3 19. Re1 h5 20. Bxf6 Bxf6 21. Rfxe4 Qc5 22. g5 Rxg5 23. Qb3 Rg4 24. Qxb7 Nd8 25. Qxa6 Rxh4+ 26. Rxh4 Bxh4 27. Qa4+ Kf8 28. Qxh4 f6 29. Qe4 Nf7 30. Qa8+ Kg7 31. Qb7 Ne5 32. Qb4 Qc7 33. Qf4 Qa7 34. Rxe5 fxe5 35. Qxe5+ Kg8 36. Bd5+ Kh7 37. Qe6 1-0

[Event "Terrasini Mediterranean op 3rd"]
[Site "Terrasini"]
[Date "2012.06.25"]
[Round "2"]
[White "Sbarra, Marco"]
[Black "Valguarnera, Girolamo"]
[Result "1-0"]
[WhiteElo "2271"]
[BlackElo "2118"]
[PlyCount "75"]
[EventDate "2012.06.24"]
[EventType "swiss"]
[EventRounds "9"]
[EventCountry "ITA"]
[SourceTitle "CBM 149 Extra"]
[Source "ChessBase"]
[SourceDate "2012.08.24"]
[SourceVersion "1"]
[SourceVersionDate "2012.08.24"]
[SourceQuality "1"]

1. d4 Nf6 2. c4 c5 3. d5 e6 4. Nc3 exd5 5. cxd5 d6 6. e4 g6 7. f4 Bg7 8. Bb5+ Nfd7 9. Nf3 0-0 10. 0-0 a6 11. Bd3 b5 12. Kh1 Nb6 13. f5 N8d7 14. Bg5 Qc7 15. Qd2 b4 16. Ne2 c4 17. Rac1 Re8 18. Bb1 Nc5 19. Bh6 Nxe4 20. Bxe4 Rxe4 21. Bxg7 Rxe2 22. Qxe2 Kxg7 23. f6+ Kxf6 24. Ne5+ Bf5 25. Nxc4 Nxc4 26. Rxc4 Qb7 27. Qd2 Kg7 28. Rxb4 Qd7 29. g4 a5 30. Rbf4 Be6 31. dxe6 Qc6+ 32. Qg2 Qxg2+ 33. Kxg2 fxe6 34. Rf7+ Kh6 35. Rd7 d5 36. Rff7 Rc8 37. h4 g5 38. Rf6# 1-0

[Event "Palmi op 5th"]
[Site "Palmi"]
[Date "2012.01.05"]
[Round "8"]
[White "Valguarnera, Girolamo"]
[Black "Kukov, Velislav"]
[Result "0-1"]
[WhiteElo "2139"]
[BlackElo "2414"]
[PlyCount "164"]
[EventDate "2012.01.02"]
[EventType "swiss"]
[EventRounds "9"]
[EventCountry "ITA"]
[SourceTitle "CBM 146 Extra"]
[Source "ChessBase"]
[SourceDate "2012.02.29"]
[SourceVersion "1"]
[SourceVersionDate "2012.02.29"]
[SourceQuality "1"]

1. e4 c6 2. Nc3 d5 3. Nf3 Bg4 4. h3 Bxf3 5. Qxf3 e6 6. d3 Bb4 7. Bd2 d4 8. Nb1 Qb6 9. Qg3 Bf8 10. Bc1 Nd7 11. Be2 Ngf6 12. 0-0 e5 13. Nd2 Qc7 14. c3 c5 15. cxd4 cxd4 16. a4 h6 17. f4 exf4 18. Qxf4 Qxf4 19. Rxf4 Bd6 20. Nc4 Bxf4 21. Bxf4 0-0 22. a5 Nc5 23. b4 Ne6 24. Bd6 Rfd8 25. Bf3 Ng5 26. Be2 b5 27. axb6 axb6 28. Rxa8 Rxa8 29. Nxb6 Ra2 30. Bf1 Ra1 31. Nc4 Rb1 32. Bc5 Ne6 33. Nd2 Rb2 34. Nf3 Nxc5 35. bxc5 Rb4 36. c6 Ne8 37. Be2 Nc7 38. Ne5 Rb5 39. Nd7 Rb1+ 40. Kf2 Rc1 41. Nb8 Kf8 42. Bf3 f6 43. e5 f5 44. g4 f4 45. Be4 Ke7 46. h4 g5 47. h5 Ke6 48. Nd7 Nd5 49. Bf5+ Ke7 50. Be4 Rxc6 51. Bf5 Ne3 52. e6 Rc2+ 53. Kf3 Nd1 54. Ne5 Rf2+ 55. Ke4 Nc3+ 56. Kxd4 Nb5+ 57. Kc5 Nc7 58. Nc6+ Kf6 59. Kd6 Ne8+ 60. Kd7 Ng7 61. Nd4 Nxe6 62. Nxe6 f3 63. Nc5 Ke5 64. Be4 Rf1 65. Nb3 f2 66. d4+ Kf4 67. Bd3 Rd1 68. Bc4 Kxg4 69. Ke6 f1Q 70. Bxf1 Rxf1 71. d5 Re1+ 72. Kf7 Kxh5 73. d6 Rd1 74. Ke6 g4 75. Ke5 Rxd6 76. Kxd6 g3 77. Nd2 g2 78. Nf3 Kg4 79. Ng1 h5 80. Ke5 h4 81. Ke4 h3 82. Nf3 Kg3 0-1

[Event "Palmi op 5th"]
[Site "Palmi"]
[Date "2012.01.04"]
[Round "5"]
[White "Valguarnera, Girolamo"]
[Black "Petkov, Vladimir"]
[Result "0-1"]
[WhiteElo "2139"]
[BlackElo "2519"]
[PlyCount "132"]
[EventDate "2012.01.02"]
[EventType "swiss"]
[EventRounds "9"]
[EventCountry "ITA"]
[SourceTitle "CBM 146 Extra"]
[Source "ChessBase"]
[SourceDate "2012.02.29"]
[SourceVersion "1"]
[SourceVersionDate "2012.02.29"]
[SourceQuality "1"]

1. e4 e5 2. Nf3 Nc6 3. Bb5 Nf6 4. Nc3 Bd6 5. d3 h6 6. h3 a6 7. Ba4 b5 8. Bb3 Bc5 9. 0-0 d6 10. Nd5 Na5 11. Be3 Nxb3 12. Nxf6+ Qxf6 13. axb3 0-0 14. Qe2 Bxe3 15. fxe3 Qe7 16. Qf2 c6 17. Rae1 a5 18. Nh4 a4 19. bxa4 bxa4 20. Ra1 d5 21. Nf5 Bxf5 22. exf5 f6 23. Ra3 Qb4 24. c3 Qb5 25. Qc2 Rfb8 26. Rb1 c5 27. Rba1 Qxb2 28. Qd1 Kh7 29. Rxa4 Rxa4 30. Rxa4 Qb1 31. Ra1 Qxd1+ 32. Rxd1 Rb2 33. d4 exd4 34. exd4 c4 35. Rf1 Rc2 36. Rf3 h5 37. h4 Kg8 38. Re3 Kf7 39. Rg3 Re2 40. Rf3 Re4 41. g3 Re2 42. Kf1 Rc2 43. Ke1 Ke7 44. Kf1 Kd7 45. Re3 Kc6 46. Ke1 Kb5 47. Re7 Rxc3 48. Rxg7 Rf3 49. Ke2 Rd3 50. Rg6 Kb4 51. Rxf6 Rxg3 52. Rg6 Ra3 53. f6 Ra8 54. f7 Rf8 55. Rf6 Kc3 56. Ke3 Kc2 57. Kf4 Kd3 58. Ke5 c3 59. Ke6 c2 60. Rf1 Kxd4 61. Ke7 Rxf7+ 62. Kxf7 Kc3 63. Kg6 d4 64. Kxh5 d3 65. Kg6 d2 66. h5 d1Q 0-1

[Event "Palmi op 5th"]
[Site "Palmi"]
[Date "2012.01.03"]
[Round "4"]
[White "Cordi, Domenico"]
[Black "Valguarnera, Girolamo"]
[Result "0-1"]
[WhiteElo "2059"]
[BlackElo "2139"]
[PlyCount "70"]
[EventDate "2012.01.02"]
[EventType "swiss"]
[EventRounds "9"]
[EventCountry "ITA"]
[SourceTitle "CBM 146 Extra"]
[Source "ChessBase"]
[SourceDate "2012.02.29"]
[SourceVersion "1"]
[SourceVersionDate "2012.02.29"]
[SourceQuality "1"]

1. d4 Nf6 2. c4 e6 3. Nf3 c5 4. Nc3 cxd4 5. Nxd4 Bb4 6. Bd2 0-0 7. Qb3 Na6 8. e3 b6 9. Be2 Bb7 10. 0-0 Qe7 11. Rfd1 Rac8 12. Ndb5 Rc5 13. a3 Bxc3 14. Bxc3 Rg5 15. f3 d5 16. Nxa7 dxc4 17. Qxb6 Nd5 18. Rxd5 exd5 19. Bd4 Rg6 20. Qa5 Ra8 21. Nb5 Bc6 22. Nc3 Nb8 23. Qb6 h6 24. Rd1 Nd7 25. Qc7 Rb8 26. Rd2 Kh7 27. Bf1 Rb7 28. Qf4 Nf8 29. Qe5 Qd8 30. Qf5 Ne6 31. Be5 Kg8 32. Bg3 Rd7 33. Ne2 d4 34. Nxd4 Nxd4 35. exd4 Rxd4 0-1

[Event "Palmi op 5th"]
[Site "Palmi"]
[Date "2012.01.02"]
[Round "1"]
[White "Pierandrei, Danilo"]
[Black "Valguarnera, Girolamo"]
[Result "0-1"]
[WhiteElo "1888"]
[BlackElo "2139"]
[PlyCount "62"]
[EventDate "2012.01.02"]
[EventType "swiss"]
[EventRounds "9"]
[EventCountry "ITA"]
[SourceTitle "CBM 146 Extra"]
[Source "ChessBase"]
[SourceDate "2012.02.29"]
[SourceVersion "1"]
[SourceVersionDate "2012.02.29"]
[SourceQuality "1"]

1. e4 c5 2. Nc3 Nc6 3. g3 e6 4. Bg2 g6 5. d3 Bg7 6. Be3 d6 7. Nge2 Nge7 8. 0-0 0-0 9. Qd2 Nd4 10. Nd1 Rb8 11. c3 Nxe2+ 12. Qxe2 b5 13. Qd2 b4 14. d4 bxc3 15. bxc3 cxd4 16. cxd4 d5 17. exd5 Nxd5 18. Nc3 Nxe3 19. fxe3 Qa5 20. Rab1 Ba6 21. Rxb8 Rxb8 22. Rb1 Rc8 23. Rc1 h5 24. Bf1 Bxf1 25. Ne4 Rxc1 26. Qxa5 Bd3+ 27. Kf2 Bxe4 28. Qxa7 Rc2+ 29. Ke1 Rxh2 30. Qb8+ Kh7 31. Qf4 f5 0-1

[Event "Amantea op-A 9th"]
[Site "Amantea"]
[Date "2011.09.10"]
[Round "8"]
[White "Valguarnera, Girolamo"]
[Black "Rizzo, Giovanbattista"]
[Result "0-1"]
[WhiteElo "2148"]
[BlackElo "2093"]
[PlyCount "110"]
[EventDate "2011.09.04"]
[EventType "swiss"]
[EventRounds "9"]
[EventCountry "ITA"]
[SourceTitle "CBM 144 Extra"]
[Source "ChessBase"]
[SourceDate "2011.10.28"]
[SourceVersion "1"]
[SourceVersionDate "2011.10.28"]
[SourceQuality "1"]

1. e4 d6 2. d4 Nf6 3. Nc3 g6 4. Be2 Bg7 5. Be3 Nc6 6. d5 Nb8 7. h4 h5 8. Qd2 c6 9. Nh3 Qa5 10. Ng5 Nbd7 11. Rd1 cxd5 12. exd5 Ne5 13. Nb5 Qd8 14. Nxa7 0-0 15. Qb4 Bd7 16. a4 Qb8 17. Nb5 Bf5 18. Rd2 Rc8 19. c4 Nfd7 20. Nd4 Nc5 21. Nxf5 gxf5 22. Bxc5 dxc5 23. Qb3 Ng4 24. d6 exd6 25. Qc2 Qc7 26. Qxf5 Rxa4 27. 0-0 d5 28. Bxg4 hxg4 29. cxd5 Rd8 30. d6 Qd7 31. Qxc5 Rc8 32. Qd5 Re8 33. Qd3 Rd4 34. Qh7+ Kf8 35. Rxd4 Bxd4 36. Rd1 g3 37. Qh6+ Kg8 38. Qh7+ Kf8 39. Kf1 Qb5+ 40. Rd3 Qc4 41. Qh6+ Bg7 42. Nh7+ Kg8 43. Qd2 Kxh7 44. d7 Rd8 45. Kg1 Bh6 46. Qd1 gxf2+ 47. Kxf2 Qxh4+ 48. g3 Qe7 49. Kg2 Kg7 50. Kh2 Bg5 51. Qg4 Qc5 52. Rf3 Qc2+ 53. Kg1 Qd1+ 54. Kf2 Qd2+ 55. Kf1 Rxd7 0-1

[Event "Amantea op-A 9th"]
[Site "Amantea"]
[Date "2011.09.07"]
[Round "4"]
[White "Valguarnera, Girolamo"]
[Black "Van Melkebeke, Willem"]
[Result "1-0"]
[WhiteElo "2148"]
[BlackElo "1926"]
[PlyCount "77"]
[EventDate "2011.09.04"]
[EventType "swiss"]
[EventRounds "9"]
[EventCountry "ITA"]
[SourceTitle "CBM 144 Extra"]
[Source "ChessBase"]
[SourceDate "2011.10.28"]
[SourceVersion "1"]
[SourceVersionDate "2011.10.28"]
[SourceQuality "1"]

1. e4 c5 2. Nf3 e6 3. d4 cxd4 4. Nxd4 Nc6 5. Be2 Nf6 6. Nxc6 bxc6 7. Nd2 d5 8. exd5 exd5 9. 0-0 Bd6 10. Nf3 h6 11. c4 0-0 12. cxd5 cxd5 13. Be3 a6 14. Nd4 Bb7 15. Rc1 Qd7 16. h3 Rfe8 17. Bd3 Ne4 18. Bc2 Rac8 19. Ba4 Rxc1 20. Bxc1 Qd8 21. Bxe8 Qxe8 22. Nf5 Bb8 23. Qg4 Be5 24. Nxh6+ Kf8 25. Nf5 Bc8 26. Qh5 g6 27. Qh6+ Kg8 28. Nh4 Bg7 29. Qe3 d4 30. Qe2 Qc6 31. Nf3 a5 32. Re1 f5 33. Bf4 Ba6 34. Qd1 d3 35. Qb3+ Bc4 36. Qb8+ Kh7 37. Ng5+ Nxg5 38. Bxg5 Bxa2 39. Re7 1-0

[Event "Sicilia Regional-ch"]
[Site "Marsala"]
[Date "2011.06.05"]
[Round "5"]
[White "Arnetta, Maria Teresa"]
[Black "Valguarnera, Girolamo"]
[Result "0-1"]
[WhiteElo "2084"]
[BlackElo "2151"]
[PlyCount "62"]
[EventDate "2011.06.01"]
[EventType "swiss"]
[EventRounds "7"]
[EventCountry "ITA"]
[SourceTitle "EXT 2023"]
[Source "ChessBase"]
[SourceDate "2022.10.05"]
[SourceVersion "1"]
[SourceVersionDate "2022.10.05"]
[SourceQuality "1"]

1. e4 e5 2. Nf3 Nf6 3. Nc3 Nc6 4. Bb5 Nd4 5. Bc4 d5 6. Nxd5 b5 7. Nxf6+ Qxf6 8. Be2 Nxe2 9. Qxe2 Rb8 10. Qe3 Qg6 11. 0-0 f6 12. Qxa7 Rb7 13. Qa8 Qg4 14. d4 Bd6 15. h3 Qd7 16. dxe5 fxe5 17. Qa5 0-0 18. Qc3 Qe8 19. Re1 Rb6 20. Be3 Rc6 21. Qd3 Rxf3 22. gxf3 Bxh3 23. Bg5 Qg6 24. f4 Be6 25. Qg3 exf4 26. Qg2 f3 27. Qxf3 Qxg5+ 28. Kf1 Bc4+ 29. Re2 Qf4 30. Qh3 Bxe2+ 31. Kxe2 Rxc2+ 0-1

[Event "Sicilia Regional-ch"]
[Site "Marsala"]
[Date "2011.06.05"]
[Round "6"]
[White "Valguarnera, Girolamo"]
[Black "La Bella, Roberto"]
[Result "1/2-1/2"]
[WhiteElo "2151"]
[BlackElo "2168"]
[PlyCount "147"]
[EventDate "2011.06.01"]
[EventType "swiss"]
[EventRounds "7"]
[EventCountry "ITA"]
[SourceTitle "EXT 2023"]
[Source "ChessBase"]
[SourceDate "2022.10.05"]
[SourceVersion "1"]
[SourceVersionDate "2022.10.05"]
[SourceQuality "1"]

1. e4 e5 2. Nf3 Nc6 3. Bb5 f5 4. d3 fxe4 5. dxe4 Nf6 6. 0-0 Bc5 7. c3 d6 8. b4 Bb6 9. Bc4 Qe7 10. a4 a5 11. b5 Nd8 12. Nbd2 Ne6 13. Ba3 Nf4 14. Qb3 Bg4 15. Rfe1 Qd7 16. Bf1 Be6 17. Nc4 Bxc4 18. Qxc4 Qg4 19. Kh1 0-0-0 20. Ra2 h5 21. Bxd6 Rxd6 22. Nxe5 Qe6 23. Nf7 Qxc4 24. Nxd6+ cxd6 25. Bxc4 Re8 26. f3 d5 27. g3 Nh3 28. Kg2 Ng5 29. h4 Nxf3 30. Kxf3 dxc4 31. Rd2 Ng4 32. Rd5 g6 33. Kf4 Ne5 34. Red1 Nd3+ 35. Kg5 Re6 36. Kh6 Bf2 37. Kh7 Bxg3 38. Rd4 Ne5 39. Rh1 Kc7 40. Rh3 Re7+ 41. Kg8 Bf4 42. Kf8 Re6 43. Kg7 Rd6 44. Rh1 Re6 45. Rd5 b6 46. Rf1 Bg3 47. Rf6 Rxf6 48. Kxf6 Nd7+ 49. Kxg6 Bxh4 50. Rxh5 Bf6 51. Rh3 Kd6 52. Kf5 Bg7 53. Rg3 Bf8 54. Rg6+ Ke7 55. e5 Kd8 56. Rg8 Ke7 57. Rg6 Nc5 58. Rxb6 Nxa4 59. Rb7+ Ke8 60. Rb8+ Kf7 61. b6 Bc5 62. b7 Nxc3 63. Ra8 Nd5 64. b8Q Ne7+ 65. Kg4 Bb4 66. Qb6 Nd5 67. Ra7+ Be7 68. Kf5 Nxb6 69. e6+ Ke8 70. Rxa5 c3 71. Ra2 Bd6 72. Rg2 Nc4 73. Ke4 Nd2+ 74. Kd3 1/2-1/2